000 00460ntaaa2200181 4500
003 01
005 20251027202817.0
008 0714s1973 ag 01
040 _aAR-BaBN
_bspa
_cAR-BaBN
_eaacr
_dRIC
082 _a910.0000 P778
100 _aPolo, Marco
_928479
245 _aLos viajes de Marco Polo relatados por el mismo
250 _a1 ed.
260 _aBuenos Aires :
_bClaridad,
_c1947
300 _a211 p
650 _aviajes y travesías
942 _cBK
999 _c23449
_d23449